RRIM 800 series clone trials (First selection) : Second report (Record no. 67347)

MARC details
000 -LEADER
fixed length control field 00346nam a2200133Ia 4500
100 ## - MAIN ENTRY--AUTHOR NAME
Personal name Huat O S
245 #0 - TITLE STATEMENT
Title RRIM 800 series clone trials (First selection) : Second report
260 ## - PUBLICATION, DISTRIBUTION, ETC. (IMPRINT)
Name of publisher Planters Bulletin
Year of publication 1984
300 ## - PHYSICAL DESCRIPTION
Number of Pages 16-21
700 ## - ADDED ENTRY--PERSONAL NAME
Personal name Kheng K S
700 ## - ADDED ENTRY--PERSONAL NAME
Personal name Sultan M O
942 ## - ADDED ENTRY ELEMENTS (KOHA)
Koha item type Journals
Holdings
Withdrawn status Lost status Damaged status Not for loan Home library Current library Shelving location Date acquired Serial Enumeration / chronology Koha item type
      Journals RRII Library RRII Library Botany 17/12/2021 Volume 178, Issue Journals